|
|
|
|
| LEADER |
00000nab a2200000uu 4500 |
| 001 |
vtls011145927 |
| 003 |
SK-MaSNL |
| 005 |
20260303145819.0 |
| 008 |
230222|2000 xo |||||||||||||||||slo| |
| 015 |
|
|
|a SNBRB
|
| 035 |
|
|
|a (urnnbn)urn:nbn:sk:snk:ar-008kfp
|
| 035 |
|
|
|a (uuid)df56351a-de09-469d-9d48-9e68d1cd9335
|
| 035 |
|
|
|a urn:nbn:sk:snk-abawm0
|
| 040 |
|
|
|a SNKBUCL
|b slo
|c SNKBUCL
|e AACR2
|
| 041 |
0 |
|
|a slo
|
| 044 |
|
|
|a xo
|c SK
|
| 100 |
1 |
|
|a Obuch, Ján,
|d 1951-
|4 aut
|9 6761
|
| 245 |
1 |
0 |
|a FOSÍLNA FAUNA V JASKYNI ŠARKANIA DIERA V SÚĽOVSKÝCH SKALÁCH
|c Ján Obuch
|
| 773 |
0 |
|
|t Slovenský kras : sborník Múzea slovenského krasu v Lipt. Mikuláši
|g Roč. 38, č. 1 (2000), s. 165-170
|
| 954 |
|
|
|a odborná, vedecká literatúra pôvodná (slovenská)
|2 lita
|
| 958 |
|
|
|a OND
|
| 958 |
|
|
|a EUIPO
|
| 958 |
|
|
|a article14
|
| 999 |
|
|
|c 2005488
|d 2007418
|